| 000 | 00000nam 2200000za 4500 |
| 001 | 9.608404 |
| 003 | CaOODSP |
| 005 | 20210624213616 |
| 007 | cr ||||||||||| |
| 008 | 150406s1991||||xxc ||||o f001 0 fre d |
| 040 | |aCaOODSP|bfre |
| 041 | |afre|beng |
| 043 | |an-cn--- |
| 086 | 1 |aA54-8/1991-2F-PDF |
| 100 | 1 |aFahmy, M. H. |
| 245 | 10|aÉtude de la race ovine Finnoise au Canada |h[ressource électronique] / |cM.H. Fahmy. |
| 260 | |aLennoxville, Québec : |bDirection générale de la recherche, Agriculture Canada, |c1991. |
| 300 | |a69 p. |
| 490 | 1 |aBulletin technique ; |v1991-2F |
| 500 | |aPublication historique numérisée par Agriculture et Agroalimentaire Canada. |
| 500 | |aPublié aussi en anglais sous le titre : Research with Finnsheep in Canada. |
| 504 | |aComprend des réf. bibliogr. et un index. |
| 546 | |aComprend un résumé en anglais. |
| 590 | |a15-05-Supp|b2015-03-31 |
| 691 | 07|aMouton|2gcpds |
| 710 | 1 |aCanada. |bAgriculture Canada. |bDirection générale de la recherche. |
| 775 | 08|tResearch with Finnsheep in Canada |w(CaOODSP)9.581638 |
| 776 | 0#|tÉtude de la race ovine Finnoise au Canada / |w(CaOODSP)9.621217 |
| 830 | #0|aBulletin technique (Canada. Agriculture Canada. Direction générale de la recherche)|v1991-2F|w(CaOODSP)9.805657 |
| 856 | 40|ahttp://publications.gc.ca|qPDF|s4.17 Mo|uhttps://publications.gc.ca/collections/collection_2015/aac-aafc/A54-8-1991-2-fra.pdf|y1991-2F |